U.S Governors - Statistics

General Stats
  • This quiz has been taken 2,690 times
    155 since last reset
  • The average score is 26 of 50
Answer Stats
State Political Party Governor % Correct
California Democratic Gavin Newsom
98%
Florida Republican Ron DeSantis
89%
Illinois Democratic J. B. Pritzker
84%
Minnesota Democratic Tim Walz
84%
Pennsylvania Democratic Josh Shapiro
82%
Texas Republican Greg Abbott
77%
Michigan Democratic Gretchen Whitmer
77%
New York Democratic Kathy Hochul
76%
Kentucky Democratic Andy Beshear
75%
Maryland Democratic Wes Moore
72%
Virginia Democratic Abigail Spanberger
70%
New Jersey Democratic Mikie Sherrill
68%
Georgia Republican Brian Kemp
67%
Arkansas Republican Sarah Huckabee Sanders
67%
Maine Democratic Janet Mills
65%
Alabama Republican Kay Ivey
65%
Colorado Democratic Jared Polis
64%
Arizona Democratic Katie Hobbs
64%
Vermont Republican Phil Scott
61%
Kansas Democratic Laura Kelly
53%
Massachusetts Democratic Maura Healey
53%
North Carolina Democratic Josh Stein
52%
Utah Republican Spencer Cox
51%
Ohio Republican Mike DeWine
50%
Nevada Republican Joe Lombardo
49%
New Hampshire Republican Kelly Ayotte
47%
Wisconsin Democratic Tony Evers
47%
Connecticut Democratic Ned Lamont
45%
Iowa Republican Kim Reynolds
44%
Indiana Republican Mike Braun
44%
Hawaii Democratic Josh Green
42%
New Mexico Democratic Michelle Lujan Grisham
42%
Tennessee Republican Bill Lee
41%
Louisiana Republican Jeff Landry
40%
Mississippi Republican Tate Reeves
40%
Alaska Republican Mike Dunleavy
39%
Oregon Democratic Tina Kotek
39%
South Carolina Republican Henry McMaster
36%
Oklahoma Republican Kevin Stitt
36%
Rhode Island Democratic Dan McKee
32%
Nebraska Republican Jim Pillen
28%
Idaho Republican Brad Little
26%
Montana Republican Greg Gianforte
26%
North Dakota Republican Kelly Armstrong
26%
Wyoming Republican Mark Gordon
25%
Washington Democratic Bob Ferguson
24%
Delaware Democratic Matt Meyer
24%
West Virginia Republican Patrick Morrisey
24%
Missouri Republican Mike Kehoe
20%
South Dakota Republican Larry Rhoden
17%
No matching quizzes found
Score Distribution
Percent of People with Each Score
Percentile by Number Answered
Your Score History
You have not taken this quiz since the last reset